Statistics for African Capitals Without First or Last Letters Quiz #3

Click here to take the quiz!

General Stats

  • This quiz has been taken 25 times
  • The average score is 11 of 11

Answer Stats

African Capitals Without First or Last LettersFull African Capitals (and Countries)% Correct
loemfontei | ap ow | retoriBloemfontein (South Africa)
100%
loemfontei | ap ow | retoriCape Town (South Africa)
100%
loemfontei | ap ow | retoriPretoria (South Africa)
100%
ripolTripoli (Libya)
100%
ictoriVictoria (Seychelles)
100%
bujAbuja (Nigeria)
96%
onakrConakry (Guinea)
96%
'DjamenN'Djamena (Chad)
96%
odomDodoma (Tanzania)
92%
ort-ovPorto-Novo (Benin)
88%
amakBamako (Mali)
83%

Score Distribution

Percentile by Number Answered

Percent of People with Each Score

Your Score History

You have not taken this quiz